000
00269nam a22001217a 4500
008
170426b xxu||||| |||| 00| 0 eng d
041
_a
eng
080
_a
547
100
_a
12
101
_a
shm
245
_a
organic reaction mechanism
_c
breslow.r
942
_2
udc
_c
BK
999
_c
12128
_d
12128